| Поле | Название | Значение |
| |
Тип записи |
c |
| |
Библиографический уровень |
m |
| 001 |
Контрольный номер |
RU/УОНБ/EK_N/617385189 |
| 005 |
Дата корректировки |
20251125125412.1 |
| 010 |
Индекс ISBN |
__ |
| 9 |
Тираж |
10000 экз. |
| 013 |
Номер (ISMN) |
__ |
| d |
Цена |
55 к. |
| 071 |
Издательские номер (звукозапись и ноты) |
21 |
| a |
Номер, присвоенный агентством |
11762 |
| 100 |
Данные общей обработки |
__ |
| a |
Данные общей обработки |
20190725d1982 m y0rusy0103||||ca |
| 101 |
Язык документа |
0_ |
| a |
Язык текста |
rus |
| f |
Язык титульного листа |
rus |
| 102 |
Страна публикации |
__ |
| a |
Страна публикации |
RU |
| 105 |
Кодированные данные (монография) |
__ |
| a |
Кодированные данные (монография) |
y###||||000|y |
| 125 |
Кодированные данные звукозаписи и нотных изданий |
__ |
| a |
Форма изложения нотного текста |
с| |
| 128 |
Кодированные данные (звукозаписи-физические характеристики) |
__ |
| a |
Кодированные данные: Музыкальная форма и тональность или лад |
zz |
| c |
Инструменты или голоса, рекомендуемые для солистов (устаревшее) |
kt|| |
| 200 |
Заглавие и сведения об ответственности |
1_ |
| a |
Заглавие |
Вып. 2 |
| 210 |
Выходные данные |
__ |
| d |
Дата издания |
1982 |
| 215 |
Физическое описание |
__ |
| a |
Объем |
38 с. |
| d |
Формат |
29 см |
| 327 |
Примечание о содержании |
11 |
| a |
Примечание о содержании |
Содерж. : Нурыев Д. Вариации на тему туркменской народной песни "Гранатовое дерево". - Присс Л. Сонатина. - Соловьев Ю. Инвенция : ля мин. - Блинов Ю. Бас остинато. - Долуханян А. Танец из "Детской сюиты". - Дмитриев Г. Родной напев. - Львов-Компанеец Д. За околицей. - Дербенко Е. Петухи. - Макрыгин А. Старинный танец. - Петров А. Вальс из кинофильма "Берегись автомобиля". - Туликов С. Бамовский вальс. - Пахмутова А. Как молоды мы были. - Эшпай А. Песня-вальс из кинофильма "Исправленному верить". - Зацепин А. До свиданья, лето. - Дунаевский И. Песенка моряков из оперетты "Вольный ветер". |
| 461 |
Уровень набора |
_0 |
| 1 |
|
001RU/УОНБ/EK_N/617384432 |
| 1 |
|
200 |
| a |
|
Музыка советских композиторов для баяна |
| b |
|
Ноты |
| e |
|
сост. и авт. перелож А. Судариков |
| v |
|
Вып. 2 |
| 1 |
|
210 |
| a |
|
М. |
| c |
|
Музыка |
| d |
|
1981 - |
| 464 |
Аналитический уровень |
_0 |
| 1 |
|
2001 |
| a |
|
Вариации на тему туркменской народной песни "Гранатовое дерево" |
| 1 |
|
700 1 |
| a |
|
Нурыев |
| b |
|
Д. |
| 1 |
|
50010 |
| a |
|
Гранатовое дерево |
| 464 |
Аналитический уровень |
_0 |
| 1 |
|
2001 |
| a |
|
Сонатина |
| 1 |
|
700 1 |
| a |
|
Присс |
| b |
|
Л. |
| 464 |
Аналитический уровень |
_0 |
| 1 |
|
2001 |
| a |
|
Инвенция ля минор |
| 1 |
|
700 1 |
| a |
|
Соловьев |
| b |
|
Ю. |
| 464 |
Аналитический уровень |
_0 |
| 1 |
|
2001 |
| a |
|
Бас остинато |
| 1 |
|
700 1 |
| a |
|
Блинов |
| b |
|
Ю. |
| 464 |
Аналитический уровень |
_0 |
| 1 |
|
2001 |
| a |
|
Танец |
| e |
|
из "Детской сюиты" |
| 1 |
|
700 1 |
| a |
|
Долуханян |
| b |
|
А. |
| 1 |
|
50010 |
| a |
|
Детская сюита |
| 464 |
Аналитический уровень |
_0 |
| 1 |
|
2001 |
| a |
|
Родной напев |
| 1 |
|
700 1 |
| a |
|
Дмитриев |
| b |
|
Г. |
| 464 |
Аналитический уровень |
_0 |
| 1 |
|
2001 |
| a |
|
За околицей |
| 1 |
|
700 1 |
| a |
|
Львов-Компанеец |
| b |
|
Д. |
| 464 |
Аналитический уровень |
_0 |
| 1 |
|
2001 |
| a |
|
Петухи |
| 1 |
|
700 1 |
| a |
|
Дербенко |
| b |
|
Е. |
| 464 |
Аналитический уровень |
_0 |
| 1 |
|
2001 |
| a |
|
Старинный танец |
| 1 |
|
700 1 |
| a |
|
Макрыгин |
| b |
|
А. |
| 464 |
Аналитический уровень |
_0 |
| 1 |
|
2001 |
| a |
|
Вальс из кинофильма "Берегись автомобиля" |
| 1 |
|
700 1 |
| a |
|
Петров |
| b |
|
А. |
| 1 |
|
50010 |
| a |
|
Берегись автомобиля |
| 464 |
Аналитический уровень |
_0 |
| 1 |
|
2001 |
| a |
|
Бамовский вальс |
| 1 |
|
700 1 |
| a |
|
Туликов |
| b |
|
С. |
| 464 |
Аналитический уровень |
_0 |
| 1 |
|
2001 |
| a |
|
Как молоды мы были |
| 1 |
|
700 1 |
| a |
|
Пахмутова |
| b |
|
А. |
| 464 |
Аналитический уровень |
_0 |
| 1 |
|
2001 |
| a |
|
Песня-вальс из кинофильма "Исправленному верить" |
| 1 |
|
700 1 |
| a |
|
Эшпай |
| b |
|
А. |
| 1 |
|
50010 |
| a |
|
Исправленному верить |
| 464 |
Аналитический уровень |
_0 |
| 1 |
|
2001 |
| a |
|
До свиданья, лето |
| 1 |
|
700 1 |
| a |
|
Зацепин |
| b |
|
А. |
| 464 |
Аналитический уровень |
_0 |
| 1 |
|
2001 |
| a |
|
Песенка моряков из оперетты "Вольный ветер" |
| 1 |
|
700 1 |
| a |
|
Дунаевский |
| b |
|
И. |
| 1 |
|
50010 |
| a |
|
Вольный ветер |
| 512 |
Заглавие обложки |
1_ |
| a |
Заглавие обложки |
Музыка советских композиторов для баяна |
| 606 |
Тематические рубрики |
0_ |
| a |
Основная рубрика |
Баян |
| x |
Основная подрубрика |
Переложения для баяна |
| 610 |
Ключевые слова |
0_ |
| a |
Ключевые слова |
баян |
| 610 |
Ключевые слова |
0_ |
| a |
Ключевые слова |
переложения для баяна |
| 686 |
Индексы других классификаций |
__ |
| a |
Классификационный индекс |
85.954.6-09(2)я43 |
| 2 |
Код системы |
rubbk |
| 801 |
Источник записи |
_0 |
| a |
Страна |
RU |
| b |
Организация |
Ульяновская ОНБ |
| c |
Дата составления |
20190725 |
| g |
Правила каталогизации |
RCR |
| 801 |
Источник записи |
_1 |
| a |
Страна |
RU |
| b |
Организация |
Ульяновская ОНБ |
| c |
Дата составления |
20190725 |
| g |
Правила каталогизации |
RCR |
| 901 |
Тип документа |
__ |
| t |
Тип документа |
n |
| w |
Контрольный № источника |
RU/УОНБ/EK_N/617384432 |
| 909 |
Создатель записи |
__ |
| a |
Создатель записи |
Никитина Т. А. |
| 938 |
Служебная информация |
__ |
| a |
Имя БД |
noti |
| b |
Имя библиотеки |
УОНБ |
| c |
Имя АИБС |
МАРК-SQL |
| d |
Номер DOC_ID в БД |
20899 |